000 00544nam a22001697a 4500
005 20251108164133.0
008 250721s1998 xx 000 0 ara d
082 1 4 _a341.256405694/وثي
245 1 0 _aوثيقة إتفاقيات أوسلو :
_bالإتفاقيات الإسرائيليه الفلسطينيه حول....... /
264 1 _aعمان :
_bدار الجليل،
_c1998.
300 _a431ص
650 1 7 _aإتفاقيات السلام
650 1 7 _aإسرائيل
650 1 7 _aفلسطين
942 _2ddc
_cBK
999 _c4539
_d4539